000 00469nam a2200193Ia 4500
005 20250603144829.0
008 250603s9999 xx 000 0 und d
020 _a9780070091917
050 _aHB 171.5 .M33/
100 _aMcConnell, Campbell R.
245 0 _aEconomics : principles, problems, and policies
250 _a18th ed.
260 _aBoston
260 _bMcGraw-Hill Irwin
260 _c2009
300 _a786 p
650 _aBoston
942 _cBK
999 _c40078
_d40078